000 00639nam a2200241Ia 4500
003 OSt
005 20220926023042.0
006 a|||||r|||| 00| 0
007 ta
008 220923b |||||||| |||| 00| 0 eng d
037 _cGeneral Book
040 _aRTL
_cRTL
_beng
041 _2eng
_aeng
082 _aY13, L4
100 _aSaul Shura
_9135066
245 0 _aAging
_b An album of people growing old
260 _aNew York
_bWiley
_c1974
300 _axiii, 174p
_ccm.
500 _aBibliography P 161-74
650 _aOld Persons
942 _hY13, L4
_cGB
_2CC
999 _c640850
_d640850